যুক্তরাষ্ট্রের পররাষ্ট্র-ব্যবস্থা / (Record no. 47824)
[ view plain ]
| 000 -LEADER | |
|---|---|
| fixed length control field | 01076nam a2200229 a 4500 |
| 001 - CONTROL NUMBER | |
| control field | 47824 |
| 003 - CONTROL NUMBER IDENTIFIER | |
| rucl marc code | BD-RjUL |
| 005 - DATE AND TIME OF LATEST TRANSACTION | |
| control field | 20211209054412.0 |
| 008 - FIXED-LENGTH DATA ELEMENTS--GENERAL INFORMATION | |
| fixed length control field | 160810s1967 bg a|||| |||| 00| e eng d |
| 035 ## - SYSTEM CONTROL NUMBER | |
| System control number | (BD-RjUL) |
| 040 ## - CATALOGING SOURCE | |
| Original cataloging agency | BD-RjUL |
| Language of cataloging | ben |
| Transcribing agency | BD-RjUL |
| Modifying agency | BD-RjUL |
| 041 ## - LANGUAGE CODE | |
| Language code of text/sound track or separate title | ben |
| 082 ## - DEWEY DECIMAL CLASSIFICATION NUMBER | |
| Edition number | 23 |
| Classification number | 327.73 |
| Author mark and year | BEJ 1967 |
| 100 1# - MAIN ENTRY--PERSONAL NAME | |
| Personal name | বার্ডিং, এ্যানড্রু এইচ |
| 9 (RLIN) | 145208 |
| 245 1# - TITLE STATEMENT | |
| Title | যুক্তরাষ্ট্রের পররাষ্ট্র-ব্যবস্থা / |
| Statement of responsibility, etc. | এ্যানড্রু এইচ বার্ডিং এবং অনুবাদ এ. কে.এম.মহিউদ্দীন |
| 260 ## - PUBLICATION, DISTRIBUTION, ETC. (IMPRINT) | |
| Place of publication, distribution, etc. | ঢাকা : |
| Name of publisher, distributor, etc. | খোশরাজ কিতাব মহল, |
| Date of publication, distribution, etc. | ১৯৬৭ |
| 300 ## - PHYSICAL DESCRIPTION | |
| Pagination | ১২০ পৃ. : |
| Illustrations | চিএাবলি ; |
| Size | ২১ সেমি. |
| 650 ## - SUBJECT ADDED ENTRY--TOPICAL TERM | |
| Topical term or geographic name as entry element | বৈদেশিক সম্পর্ক |
| Geographic subdivision | যুক্তরাষ্ট্র |
| 9 (RLIN) | 145209 |
| Topical term or geographic name as entry element | Foreign relations |
| Geographic subdivision | United States |
| 9 (RLIN) | 145210 |
| 700 ## - ADDED ENTRY--PERSONAL NAME | |
| Personal name | মহিউদ্দীন, এ. কে.এম. |
| 942 ## - ADDED ENTRY ELEMENTS (KOHA) | |
| Source of classification or shelving scheme | Dewey Decimal Classification |
| Koha item type | Books |
| Lost status | Source of classification or shelving scheme | Damaged status | Not for loan | Collection code | Permanent Location | Current Location | Shelving location | Date acquired | Cost, normal purchase price | Total Checkouts | Full call number | Date last seen | Copy number | Koha item type |
|---|---|---|---|---|---|---|---|---|---|---|---|---|---|---|
| Dewey Decimal Classification | Non-fiction | Central Library, University of Rajshahi | Central Library, University of Rajshahi | 07/12/1971 | 0.00 | B 327.73 BEJ 1967 | 10/08/2016 | C-2 | Books |